000 00924nam a22001937a 4500
005 20260127151727.0
008 230718b ||||| |||| 00| 0 eng d
040 _cSSBUL
_dSSBUL
082 _223
_a၃၉၈.၉၉၅၈ ဘ ၁၆၀၀၇ (S-SAT)
100 0 _aဘရင်၊
_cဦး၊
_gဟံသာဝတီ။
_912519
245 1 0 _aလယ်ယာလုပ်သားစကားပုံများ /
_cဟံသာဝတီ ဦးဘရင်။
300 _a၇၀ စာမျက်နှာ၊
_c၁၈ စင်တီ။
440 _aစာပေဗိမာန်ထုတ်ပြည်သူ့လက်စွဲစာစဉ်။
_927757
500 _aစာအုပ်အဖုံးမပါ။
500 _aS-SAT: Dr. Prof Sai Aung Tun
650 _aစကားပုံများ။
_928118
650 _aမြန်မာစာကားပုံများ။
_928119
942 _2ddc
_cBK1
999 _c27310
_d27310